Affiches de films minimalistes (séries TV) - Statistiques

Statistiques générales
  • Ce quiz a été pris 434 fois
  • Le résultat moyen est 8 sur 20
Statistiques - réponses
Par images Réponse % Correct
Stranger things
94%
Le jeu de la dame
85%
Peaky blinders
78%
Friends
63%
Breaking bad
59%
Game of thrones
54%
The walking dead
51%
Chernobyl
46%
House of cards
44%
Charmed
39%
Handmaid's tale
38%
Desperate housewifes
37%
X-files
33%
Dr. House
30%
Le maître du haut château
20%
Six feet under
20%
The Simpsons
12%
The wire
9%
MacGyver
8%
Mad men
8%
Aucun quiz correspondant
Distribution des résultats
% des personnes avec chaque résultat
Percentile par nombre de réponses
Votre historique - résultats
Vous n’avez pas pris ce quiz